| 000 | 00655nam a22002177a 4500 | ||
|---|---|---|---|
| 003 | OSt | ||
| 005 | 20140310182212.0 | ||
| 008 | 130906t xxu||||| |||| 00| 0 eng d | ||
| 020 | _a0590965468 | ||
| 050 |
_aPE 1408 _b.C699 1989 |
||
| 082 |
_aHS 808.02 _bC69 1989 |
||
| 100 |
_aColligan, Louise _99997 |
||
| 245 |
_aHelp! i have to... write a book report : _bscholastic's A+ junior guide to book reports / _cLouise Colligan |
||
| 260 |
_aNew York : _bScholastic Inc, _cc1989. |
||
| 300 |
_a88 p. : _c19 cm. |
||
| 650 |
_aBook report _916818 |
||
| 650 |
_aWriting _916154 |
||
| 650 |
_aReport writing. _91734 |
||
| 942 |
_2lcc _cHS |
||
| 999 |
_c10493 _d10493 |
||